<?xml version="1.0" encoding="UTF-8"?>
<collection xmlns="http://www.loc.gov/MARC21/slim">
<record>
  <controlfield tag="001">171235</controlfield>
  <controlfield tag="005">20260515163946.0</controlfield>
  <datafield tag="024" ind1="7" ind2=" ">
    <subfield code="2">doi</subfield>
    <subfield code="a">10.1016/j.ajo.2012.06.012</subfield>
  </datafield>
  <datafield tag="024" ind1="8" ind2=" ">
    <subfield code="2">sideral</subfield>
    <subfield code="a">80430</subfield>
  </datafield>
  <datafield tag="037" ind1=" " ind2=" ">
    <subfield code="a">ART-2013-80430</subfield>
  </datafield>
  <datafield tag="041" ind1=" " ind2=" ">
    <subfield code="a">eng</subfield>
  </datafield>
  <datafield tag="100" ind1=" " ind2=" ">
    <subfield code="a">Altemir,I.</subfield>
  </datafield>
  <datafield tag="245" ind1=" " ind2=" ">
    <subfield code="a">Reproducibility of optical coherence tomography measurements in children</subfield>
  </datafield>
  <datafield tag="260" ind1=" " ind2=" ">
    <subfield code="c">2013</subfield>
  </datafield>
  <datafield tag="520" ind1="3" ind2=" ">
    <subfield code="a">Purpose
To determine the interobserver and intraobserver reproducibility of a Fourier-domain optical coherence tomography device (Cirrus HD OCT; Carl Zeiss Meditec, Dublin, California, USA) in normal pediatric eyes.
Design
Prospective cross-sectional study.
Methods
One hundred healthy children were recruited prospectively and consecutively. Only 1 randomly chosen eye per subject was included in the study. The eye underwent 3 scans centered on the optic disc and another 3 scans centered on the macula that were acquired by a single operator. A fourth examination was performed by a second operator. Interobserver and intraobserver reproducibility were described by intraclass correlation coefficients (ICCs) and coefficients of variation (COVs).
Results
The mean age was 9.15 years (range, 6.22 to 11.31 years; standard deviation, 1.05 years). Mean retinal nerve fiber layer thickness was 99.53 μm (standard deviation, 10.10 μm), and mean macular thickness was 282.91 μm (standard deviation, 11.83 μm). All the parameters evaluated were highly reproducible. Intraobserver COVs of the retinal nerve fiber layer measurements ranged from 2.24% to 5.52%, and the COV of macular thickness was 0.97%. The intraclass correlation coefficient was greater than 0.8 for all the parameters. The interobserver COV ranged from 2.23% to 5.18%, and the COV of macular thickness was 0.82%. In all the evaluated parameters, the intraclass correlation coefficient was more than 0.75. Repeatability was slightly better in children older than 10 years than in children younger than 9 years.
Conclusions
Retinal nerve fiber layer and macular measurements obtained by Fourier-domain optical coherence tomography showed good repeatability for healthy eyes in the pediatric population. Cirrus HD OCT examinations of the retina are reliable in children.</subfield>
  </datafield>
  <datafield tag="540" ind1=" " ind2=" ">
    <subfield code="9">info:eu-repo/semantics/closedAccess</subfield>
    <subfield code="a">All rights reserved</subfield>
    <subfield code="u">http://www.europeana.eu/rights/rr-f/</subfield>
  </datafield>
  <datafield tag="590" ind1=" " ind2=" ">
    <subfield code="a">4.021</subfield>
    <subfield code="b">2013</subfield>
  </datafield>
  <datafield tag="591" ind1=" " ind2=" ">
    <subfield code="a">OPHTHALMOLOGY</subfield>
    <subfield code="b">5 / 57 = 0.088</subfield>
    <subfield code="c">2013</subfield>
    <subfield code="d">Q1</subfield>
    <subfield code="e">T1</subfield>
  </datafield>
  <datafield tag="655" ind1=" " ind2="4">
    <subfield code="a">info:eu-repo/semantics/article</subfield>
    <subfield code="v">info:eu-repo/semantics/publishedVersion</subfield>
  </datafield>
  <datafield tag="700" ind1=" " ind2=" ">
    <subfield code="a">Pueyo,V.</subfield>
    <subfield code="u">Universidad de Zaragoza</subfield>
    <subfield code="0">(orcid)0000-0002-1777-0349</subfield>
  </datafield>
  <datafield tag="700" ind1=" " ind2=" ">
    <subfield code="a">Elia,N.</subfield>
    <subfield code="u">Universidad de Zaragoza</subfield>
    <subfield code="0">(orcid)0000-0003-4011-5622</subfield>
  </datafield>
  <datafield tag="700" ind1=" " ind2=" ">
    <subfield code="a">Polo,V.</subfield>
  </datafield>
  <datafield tag="700" ind1=" " ind2=" ">
    <subfield code="a">Larrosa,J. M.</subfield>
    <subfield code="u">Universidad de Zaragoza</subfield>
    <subfield code="0">(orcid)0000-0002-6745-7668</subfield>
  </datafield>
  <datafield tag="700" ind1=" " ind2=" ">
    <subfield code="a">Oros,D.</subfield>
    <subfield code="u">Universidad de Zaragoza</subfield>
    <subfield code="0">(orcid)0000-0002-0670-5541</subfield>
  </datafield>
  <datafield tag="710" ind1="2" ind2=" ">
    <subfield code="1">1004</subfield>
    <subfield code="2">645</subfield>
    <subfield code="a">Universidad de Zaragoza</subfield>
    <subfield code="b">Dpto. Cirugía,Ginecol.Obstetr.</subfield>
    <subfield code="c">Área Obstetricia y Ginecología</subfield>
  </datafield>
  <datafield tag="710" ind1="2" ind2=" ">
    <subfield code="1">1004</subfield>
    <subfield code="2">646</subfield>
    <subfield code="a">Universidad de Zaragoza</subfield>
    <subfield code="b">Dpto. Cirugía,Ginecol.Obstetr.</subfield>
    <subfield code="c">Área Oftalmología</subfield>
  </datafield>
  <datafield tag="710" ind1="2" ind2=" ">
    <subfield code="1">2002</subfield>
    <subfield code="2">647</subfield>
    <subfield code="a">Universidad de Zaragoza</subfield>
    <subfield code="b">Dpto. Física Aplicada</subfield>
    <subfield code="c">Área Óptica</subfield>
  </datafield>
  <datafield tag="773" ind1=" " ind2=" ">
    <subfield code="g">155, 1 (2013), 171-176</subfield>
    <subfield code="p">Am. j. ophthalmol.</subfield>
    <subfield code="t">AMERICAN JOURNAL OF OPHTHALMOLOGY</subfield>
    <subfield code="x">0002-9394</subfield>
  </datafield>
  <datafield tag="856" ind1="4" ind2=" ">
    <subfield code="s">1048803</subfield>
    <subfield code="u">http://zaguan.unizar.es/record/171235/files/texto_completo.pdf</subfield>
    <subfield code="y">Versión publicada</subfield>
  </datafield>
  <datafield tag="856" ind1="4" ind2=" ">
    <subfield code="s">3137612</subfield>
    <subfield code="u">http://zaguan.unizar.es/record/171235/files/texto_completo.jpg?subformat=icon</subfield>
    <subfield code="x">icon</subfield>
    <subfield code="y">Versión publicada</subfield>
  </datafield>
  <datafield tag="909" ind1="C" ind2="O">
    <subfield code="o">oai:zaguan.unizar.es:171235</subfield>
    <subfield code="p">articulos</subfield>
    <subfield code="p">driver</subfield>
  </datafield>
  <datafield tag="951" ind1=" " ind2=" ">
    <subfield code="a">2026-05-15-14:55:40</subfield>
  </datafield>
  <datafield tag="980" ind1=" " ind2=" ">
    <subfield code="a">ARTICLE</subfield>
  </datafield>
</record>
</collection>